Maďarsko-slovenský a slovensko-maďarský technický slovník

Saved in:
Bibliographic Details
Format: Book
Language:Hungarian
Slovak
Published: Bratislava Alfa 1989
Edition:1. vyd.
Series:Edícia prekladových slovníkov
Tags: Add Tag
No Tags, Be the first to tag this record!

MARC

LEADER 00000nam a2200000 4500
001 c024018
005 20221215070813.8
041 0 |a hun 
041 0 |a slo 
044 |a SK 
245 1 0 |a Maďarsko-slovenský a slovensko-maďarský technický slovník 
250 |a 1. vyd. 
264 1 |a Bratislava  |b Alfa  |c 1989 
300 |a 957 s. 
490 1 |a Edícia prekladových slovníkov 
830 0 |a Edícia prekladových slovníkov